00610cam a22002053 4500001001300000003000400013005001700017008004100034010001700075040001300092050001800105100003400123245007400157260002400231300001800255490004700273440004800320500001900368999001700387tmp92006454 DLC20260227112753.0050606s nyu 000 0 eng  atmp92006454  aDLCcDLC00aPR2342.A6bH51 aHill, Herbert Wynford,d1875-00aSidney's Arcadia and the Elizabethan drama,cby Herbert Wynford Hill. a[Reno, Nev.]c1908. a59 p.c24 cm.0 aUniversity of Nevada studies,vv. 1, no. 1 0aUniversity of Nevada bulletin,vv. 2, no. 1 aCaption title. c91044d91044